000 00514cam a2200169 a 4500
999 _c15428
_d15428
020 _a0132081822
082 0 0 _a005.12
_bKRU/DA
100 1 _aKruse, Robert L.
_93120
245 1 0 _aData structures and program design /
250 _a2nd ed.
260 _aEnglewood Cliffs, N.J. :
_bPrentice Hall,
_cc1994.
300 _axiv, 689 p. :
_bcol. ill. ;
650 0 _aComputer programming.
_93121
650 0 _aData structures (Computer science)
_93122
650 0 _aPascal (Computer program language)
_93123
942 _cBK